पुस्तकालय विज्ञान के पाँच सूत्र / (Record no. 119686)
[ view plain ]
| 000 -LEADER | |
|---|---|
| fixed length control field | 01384nam a22002777a 4500 |
| 005 - DATE AND TIME OF LATEST TRANSACTION | |
| control field | 20170124103146.0 |
| 010 ## - LIBRARY OF CONGRESS CONTROL NUMBER | |
| LC control number | A-220059 |
| 020 ## - INTERNATIONAL STANDARD BOOK NUMBER | |
| Terms of availability | 20.00 |
| 035 ## - SYSTEM CONTROL NUMBER | |
| System control number | A-220059 |
| 037 ## - SOURCE OF ACQUISITION | |
| Source of stock number/acquisition | Cen Lib/Ret |
| 040 ## - CATALOGING SOURCE | |
| Original cataloging agency | DPL |
| Language of cataloging | HN |
| 082 ## - DEWEY DECIMAL CLASSIFICATION NUMBER | |
| Classification number | 020 |
| Item number | रंगना |
| 100 ## - MAIN ENTRY--PERSONAL NAME | |
| Personal name | रंगनाथन, एस० आर० |
| 9 (RLIN) | 3200 |
| 245 ## - TITLE STATEMENT | |
| Title | पुस्तकालय विज्ञान के पाँच सूत्र / |
| Statement of responsibility, etc | एस० आर० रंगनाथन;अनुवादक सी० एल० शर्मा |
| 246 ## - VARYING FORM OF TITLE | |
| Title proper/short title | Pusakalay vigyan ke panch sootra / |
| Remainder of title | by S. R. Ranganathan;anuvadak C. L. Sharma |
| 260 ## - PUBLICATION, DISTRIBUTION, ETC. (IMPRINT) | |
| Place of publication, distribution, etc | जयपुर |
| Name of publisher, distributor, etc | राजस्थान हिन्दी ग्रन्थ अकादेमी |
| Date of publication, distribution, etc | 1980 |
| 270 ## - ADDRESS | |
| Address | ए-26/2, विधालय मार्ग, तिलक नगर |
| City | जयपुर |
| Postal code | 302004 |
| 300 ## - PHYSICAL DESCRIPTION | |
| Extent | xxiv,367पृ. |
| Dimensions | 23सेमी(सजिल्द) |
| 500 ## - GENERAL NOTE | |
| General note | अनुक्रमणिका शामिल |
| 650 ## - SUBJECT ADDED ENTRY--TOPICAL TERM | |
| Topical term or geographic name as entry element | पुस्तकालय विज्ञान |
| 9 (RLIN) | 86218 |
| 650 ## - SUBJECT ADDED ENTRY--TOPICAL TERM | |
| Topical term or geographic name as entry element | पुस्तकालय विज्ञान--पांच सूत्र |
| 9 (RLIN) | 86219 |
| 650 ## - SUBJECT ADDED ENTRY--TOPICAL TERM | |
| Topical term or geographic name as entry element | Library Science |
| 9 (RLIN) | 86220 |
| 650 ## - SUBJECT ADDED ENTRY--TOPICAL TERM | |
| Topical term or geographic name as entry element | Library Science--Five laws |
| 9 (RLIN) | 86221 |
| 700 ## - ADDED ENTRY--PERSONAL NAME | |
| Personal name | शर्मा, सी० एल० |
| 9 (RLIN) | 49978 |
| 942 ## - ADDED ENTRY ELEMENTS (KOHA) | |
| Source of classification or shelving scheme | Dewey Decimal Classification |
| Koha item type | Hindi Books |
| Classification part | 020 |
| Call number suffix | रंगना |
| Withdrawn status | Lost status | Damaged status | Not for loan | Home library | Current library | Date acquired | Source of acquisition | Cost, normal purchase price | Total Checkouts | Total Renewals | Full call number | Barcode | Date last seen | Date checked out | Copy number | Cost, replacement price | Price effective from | Koha item type |
|---|---|---|---|---|---|---|---|---|---|---|---|---|---|---|---|---|---|---|
| Central Library | Central Library | 18/09/2015 | Cen Lib/Ret | 20.00 | 6 | 6 | 020 रंगना | A-220059 | 29/10/2022 | 17/09/2022 | 1 | 20.00 | 18/09/2015 | Hindi Books |
